000 00745cam a22002412 4500
001 0000018612
005 20151217145905.0
008 100223s xx 000 0 eng d
020 _a8131503744 :
040 _aKABU
_cKABU
050 0 _aHG4529
_b.R45 2006
100 1 _aReilly, Frank K.
_@0000152640
245 1 0 _aInvestment analysis and portfolio management /
_cFrank K. Reilly, Keith C. Brown.
250 _a8th ed.
260 _aNew Delhi :
_bCengage,
_c2006.
300 _axxvii, 1174 p.
650 0 _aInvestment analysis.
_@0000152635
650 0 _aPortfolio management.
_@0000152629
700 1 _aBrown, Keith C.
_@0000177936
852 1 _9p1405 KES
908 _a100223
950 _@1
999 _c3771
_d3771